00491nam a2200169Ia 4500008004100000082001300041100002500054245002500079250000900104260003000113300001200143500002400155650001500179942000700194952010300201999001700304230524s9999 xx 000 0 und d a612bPOR aStuart Porter923690 0aTidy's Physiotherapy a13TH aNEW DELHIbElsevierc2004 aVI;.521 aQuantity Number: 1 aBiomedical cBK 00104070aTATCLbTATCLcGENd2023-05-24l0o612 PORp10758r2023-05-24w2023-05-24yBKzBSCM2201 c35236d35236